00726nam a2200229 a 450000100060000000300080000600500170001400800410003103500190007203500120009104000200010304100080012308200230013110000340015424500670018826000430025530000270029850000810032550400320040665000270043865000310046553318BD-RjUL20211209075937.0161005s1967 ii b 000 0 eng  a(BD-RjUL)53438 a2604788 aLCbengcLCdLC aeng00a364.954bSAC 1967 1 aSangar, Satya Prakash,d1917-10aCrime and punishment in Mughal India / cSatya Prakash Sangar  aDelhi :bSterling Publishers, c[1967] axii, 249 p. ; c23 cm. a"Originally submitted as a PH.D. thesis to the University of Poona in 1957." aBibliography: p. [229]-239. 0aCrimezIndiaxHistory. 0aCriminal law (Islamic law)